Library Banner

Creative psychotherapy : (Record no. 92595)

MARC details
000 -LEADER
fixed length control field 00702cam a2200205 i 4500
001 - CONTROL NUMBER
control field 18971415
005 - DATE AND TIME OF LATEST TRANSACTION
control field 20170415100125.0
008 - FIXED-LENGTH DATA ELEMENTS--GENERAL INFORMATION
fixed length control field 160209t20172017enka b 001 0 eng
020 ## - INTERNATIONAL STANDARD BOOK NUMBER
International Standard Book Number 9781138900912 (hbk)
020 ## - INTERNATIONAL STANDARD BOOK NUMBER
International Standard Book Number 9781138900929 (pbk)
040 ## - CATALOGING SOURCE
Transcribing agency PK-LaUMT
082 00 - DEWEY DECIMAL CLASSIFICATION NUMBER
Classification number 616.891656
Edition number 23
Item number CRE-
245 10 - TITLE STATEMENT
Title Creative psychotherapy :
Remainder of title applying the principles of neurobiology to play and expressive arts-based practice /
Statement of responsibility, etc edited by Eileen Prendiville and Justine Howard
260 ## - PUBLICATION, DISTRIBUTION, ETC. (IMPRINT)
Place of publication, distribution, etc London :
Name of publisher, distributor, etc Routledge,
Date of publication, distribution, etc 2017
300 ## - PHYSICAL DESCRIPTION
Extent xiii, 214 p. :
Other physical details illustrations ;
Dimensions 24 cm
650 12 - SUBJECT ADDED ENTRY--TOPICAL TERM
Topical term or geographic name as entry element Sensory Art Therapies
General subdivision methods
700 1# - ADDED ENTRY--PERSONAL NAME
Personal name Prendiville, Eileen,
700 1# - ADDED ENTRY--PERSONAL NAME
Personal name Howard, Justine,
942 ## - ADDED ENTRY ELEMENTS (KOHA)
Koha item type Books
Holdings
Withdrawn status Lost status Damaged status Home library Current library Date acquired Full call number Barcode Date last seen Price effective from Koha item type
      UMT Main Campus UMT Main Campus 2017-04-15 616.891656 CRE- 107337 2019-04-09 2017-04-15 Books